000 00751cab a2200217 4500
001 WB3239-45
008 090401t1996 xxu||||| |||| 00| 0 eng d
035 _a(Sirsi) u27554
041 _aeng
245 _aAsia markets for profitable returns
260 _c1996
350 _a0
490 _aTimes
_v14 October 1996, 50(2)
520 _aUK companies believe that China offers the best investment opportunities, according to a survey by the Control Risks Group and Industrial Research Bureau. Resume of emerging country markets throughout the world and map of survey results.
650 _aCHINA
650 _aEMERGING MARKETS
650 _aOVERSEAS INVESTMENT
690 _aOVERSEAS-REST OF THE WORLD
942 _n0
948 _c04/03/1997
999 _c18550
_d18550